[Event "Open Vitrolles 2023/2024"]
[Site "Vitrolles"]
[Date "17.02.2024"]
[Round "7.9"]
[White "Coquet, Bruno"]
[Black "Bouriel, Michel"]
[Result "0-1"]
[WhiteElo "1185"]
[BlackElo "1317"]
[PlyCount "50"]

1. e4 c5 2. Nf3 d6 3. d4 cxd4 4. Nxd4 a6 5. a4 Nf6 6. Nc3 g6 7. Bc4 Bg7 8. O-O
O-O 9. Bg5 Nbd7 10. Qd2 Qc7 11. Ba2 Nc5 12. Rfe1 Ng4 13. Nd5 Qb8 14. Nxe7+ Kh8
15. Nxc8 Qxc8 16. Bd5 Qd7 17. a5 Nf6 18. Bh6 Nxd5 19. Bxg7+ Kxg7 20. exd5 Qg4
21. Qc3 Kg8 22. Qf3 Qxd4 23. Re7 Qxb2 24. Qd1 Qf6 25. Qe2 Qxa1+ 0-1

[Event "Open Vitrolles 2023/2024"]
[Site "Vitrolles"]
[Date "17.02.2024"]
[Round "7.10"]
[White "Porte, Jacques"]
[Black "Romeuf, Benjamin"]
[Result "0-1"]
[WhiteElo "1166"]
[BlackElo "1302"]
[PlyCount "84"]

1. d4 Nf6 2. c4 g6 3. Nc3 d5 4. Nf3 Bg7 5. cxd5 Nxd5 6. e4 Nxc3 7. bxc3 c5 8.
Be2 O-O 9. Bb2 cxd4 10. cxd4 Nc6 11. O-O a6 12. Rb1 e6 13. Qd2 Ne7 14. Ba3 Re8
15. Rfd1 b5 16. Bb2 Bb7 17. d5 exd5 18. Bxg7 Kxg7 19. exd5 Nxd5 20. Qb2+ Qf6
21. Qxf6+ Nxf6 22. Rb2 Re7 23. h3 Rae8 24. Kf1 Nd5 25. Rc1 b4 26. a3 bxa3 27.
Rb3 Rxe2 28. Rxb7 Rb2 29. Rxb2 axb2 30. Rb1 Rb8 31. Nd2 Nc3 32. Re1 b1=Q 33.
Nxb1 Rxb1 34. Rxb1 Nxb1 35. Ke1 Kf6 36. Kd1 Ke6 37. Kc2 Na3+ 38. Kb3 Nb5 39.
Kb4 Kd6 40. Ka5 Nc7 41. Kb6 f5 42. f4 Kd5 0-1

[Event "Open Vitrolles 2023/2024"]
[Site "Vitrolles"]
[Date "17.02.2024"]
[Round "7.11"]
[White "Schoeni, Christine"]
[Black "Baghdoyan, Albert"]
[Result "0-1"]
[WhiteElo "1199"]
[BlackElo "1239"]
[PlyCount "76"]

1. d4 d5 2. Nc3 Nf6 3. e3 Nc6 4. Nf3 e6 5. Bb5 Bd7 6. O-O a6 7. Bd3 Nb4 8. Be2
c5 9. a3 Nc6 10. Ne5 Nxe5 11. dxe5 Ng8 12. f4 Be7 13. e4 d4 14. Nb1 f6 15. Bh5+
g6 16. Bg4 Nh6 17. Bh5 gxh5 18. Qxh5+ Nf7 19. Qe2 Qc7 20. Qf3 Bc6 21. Nd2 f5
22. c4 b5 23. b3 h5 24. g3 O-O-O 25. Rf2 Rhg8 26. Rg2 Rg6 27. Nf1 Rdg8 28. Qxh5
Bxe4 29. Rf2 Nh6 30. Qh3 Ng4 31. Rd2 Rh6 32. Qxh6 Nxh6 33. h3 Bd8 34. Rh2 Bd3
35. Kf2 Bxf1 36. Kxf1 Rxg3 37. Rb1 Qg7 38. Bb2 Rg1+ 0-1

[Event "Open Vitrolles 2023/2024"]
[Site "Vitrolles"]
[Date "23.03.2024"]
[Round "8.1"]
[White "Khoundh, Zein"]
[Black "Dupre Hollebeque, Joachim"]
[Result "0-1"]
[WhiteElo "1680"]
[BlackElo "1699"]
[PlyCount "102"]

1. e4 c5 2. Nc3 Nc6 3. f4 d6 4. Bb5 a6 5. Bxc6+ bxc6 6. Nf3 d5 7. d3 Bg4 8. h3
Bxf3 9. Qxf3 Nf6 10. e5 Nd7 11. b3 e6 12. Bb2 g5 13. Rf1 Bg7 14. Ne2 gxf4 15.
O-O-O Qc7 16. Qg4 Bxe5 17. Bxe5 Nxe5 18. Qg7 O-O-O 19. Nxf4 Rdg8 20. Qf6 Rf8
21. Rde1 Nd7 22. Qh6 e5 23. Nh5 f5 24. Qe6 f4 25. c4 d4 26. Re4 Kb7 27. Qe7 Re8
28. Qg7 Rhg8 29. Qxh7 Rxg2 30. Nxf4 Rf8 31. Nxg2 Rxf1+ 32. Kd2 Rf2+ 33. Re2
Qa5+ 34. Kd1 Rxe2 35. Qxd7+ Kb8 36. Qe8+ Kb7 37. Qd7+ Kb8 38. Kxe2 Qxa2+ 39.
Kf3 Qxb3 40. Qe8+ Kb7 41. Qg6 a5 42. Ke4 a4 43. Qe8 Kb6 44. Qb8+ Ka5 45. Qa7+
Kb4 46. Qb6+ Kc3 47. Qa5+ Qb4 48. Qd8 a3 49. Qg5 Kc2 50. Qg3 Qd2 51. Ne1+ Kc3
0-1

[Event "Open Vitrolles 2023/2024"]
[Site "Vitrolles"]
[Date "23.03.2024"]
[Round "8.2"]
[White "Ghio, Maxime"]
[Black "Jullien, Patrick"]
[Result "1-0"]
[WhiteElo "1635"]
[BlackElo "1711"]
[PlyCount "77"]

1. d4 d5 2. c4 c6 3. Nf3 Nf6 4. Nc3 e6 5. e3 Be7 6. Bd3 dxc4 7. Bxc4 b5 8. Bd3
O-O 9. Qc2 h6 10. g4 Nxg4 11. Rg1 h5 12. h3 Nh6 13. e4 Kh8 14. e5 Nf5 15. Bg5
Nxd4 16. Nxd4 Bxg5 17. Nf3 Bh6 18. h4 Bb7 19. Ng5 Na6 20. Bg6 Qd4 21. Bxf7
Qxe5+ 22. Kf1 Qf5 23. Qxf5 exf5 24. Bxh5 Bxg5 25. hxg5 Rad8 26. Rh1 Kg8 27. Bf3
Rd6 28. Re1 Rfd8 29. Re7 R6d7 30. Re6 Rd6 31. Re7 R6d7 32. Re5 g6 33. Rh6 Kg7
34. Re6 Rd3 35. Rhxg6+ Kf8 36. Ref6+ Ke8 37. Bh5 Rh3 38. Rg8+ Ke7 39. Rg7# 1-0

[Event "Open Vitrolles 2023/2024"]
[Site "Vitrolles"]
[Date "23.03.2024"]
[Round "8.3"]
[White "Chauvet, Joelle"]
[Black "Boukhfif, Tarik"]
[Result "0-1"]
[WhiteElo "1627"]
[BlackElo "1746"]
[PlyCount "116"]

1. d4 Nf6 2. c4 g6 3. Nc3 Bg7 4. e3 O-O 5. Nf3 d6 6. Be2 c5 7. O-O cxd4 8. exd4
Nc6 9. a3 a5 10. Re1 Re8 11. h3 d5 12. Be3 b6 13. Qb3 e6 14. cxd5 Nxd5 15. Nxd5
Qxd5 16. Bc4 Qd6 17. Rad1 Ne7 18. d5 exd5 19. Bxd5 Nxd5 20. Rxd5 Be6 21. Rxd6
Bxb3 22. Nd4 Bxd4 23. Rxd4 b5 24. Rc1 Rac8 25. Rc3 a4 26. Rcd3 Rc2 27. Rd8 Rc8
28. Rxc8 Rxc8 29. Rc3 Rd8 30. Bg5 Rd1+ 31. Kh2 Kg7 32. Be3 Bc4 33. Bc5 Rd2 34.
Rf3 Kg8 35. Re3 Be6 36. Bb4 Rxb2 37. Re5 Rxf2 38. Rxb5 Kg7 39. Kg3 Rc2 40. h4
h5 41. Rc5 Re2 42. Bc3+ Kf8 43. Bb4 Ke8 44. Ra5 Re4 45. Ra8+ Kd7 46. Rxa4 Rg4+
47. Kf2 Rxh4 48. Ra7+ Kc6 49. g3 Rh2+ 50. Kg1 Ra2 51. Ra5 Kb6 52. Rg5 Bf5 53.
Be7 Re2 54. Rxf5 gxf5 55. Bb4 Kc6 56. Kf1 Ra2 57. Be7 Kd5 58. Bg5 Ke4 0-1

[Event "Open Vitrolles 2023/2024"]
[Site "Vitrolles"]
[Date "23.03.2024"]
[Round "8.4"]
[White "Cens, Alain"]
[Black "Mata, Thierry"]
[Result "1/2-1/2"]
[WhiteElo "1683"]
[BlackElo "1677"]
[PlyCount "97"]

1. c4 c5 2. Nc3 Nf6 3. g3 d5 4. cxd5 Nxd5 5. Bg2 Nc7 6. Qa4+ Bd7 7. Qb3 Bc6 8.
Nf3 e6 9. O-O Nd7 10. d3 Be7 11. Bd2 O-O 12. Rac1 Nb6 13. Ne5 Bxg2 14. Kxg2 Rb8
15. Ne4 Na6 16. Ba5 Qd4 17. Bxb6 axb6 18. Nc4 b5 19. Qxb5 Nc7 20. Qb3 b5 21.
Ncd2 c4 22. Qc3 Rfd8 23. Qxd4 Rxd4 24. Nf3 Rd7 25. dxc4 bxc4 26. Ne5 Rd5 27.
Nxc4 Nb5 28. Nc3 Rc5 29. Nxb5 Rcxb5 30. b3 h5 31. Rfd1 h4 32. Rd7 Bf6 33. Nd6
Rd5 34. Rcc7 Rb6 35. Nc4 Ra6 36. Rxf7 hxg3 37. hxg3 Rxa2 38. Rfd7 Rb5 39. Rb7
Rxb7 40. Rxb7 Rxe2 41. Kf3 Re1 42. b4 Rc1 43. Nd2 Rc2 44. Ne4 Bd4 45. b5 Rb2
46. g4 e5 47. g5 Kh7 48. Rb8 Kg6 49. Rb7 1/2-1/2

[Event "Open Vitrolles 2023/2024"]
[Site "Vitrolles"]
[Date "23.03.2024"]
[Round "8.5"]
[White "Benoit-Lizon, Alain"]
[Black "Chabaud, Philippe"]
[Result "1-0"]
[WhiteElo "1624"]
[BlackElo "1633"]
[PlyCount "79"]

1. e4 e6 2. d4 d5 3. Nc3 Bb4 4. e5 c5 5. a3 Bxc3+ 6. bxc3 Qa5 7. Bd2 c4 8. f4
Ne7 9. Nf3 Nbc6 10. h4 Nf5 11. Kf2 Qa4 12. g4 Nfe7 13. Bh3 Bd7 14. Qb1 O-O-O
15. Qa2 Rdf8 16. Rhe1 h6 17. Rab1 b5 18. Rh1 f6 19. Qb2 a6 20. Rbe1 fxe5 21.
fxe5 Ng6 22. Kg3 Rf7 23. h5 Nge7 24. Rhf1 g5 25. Nxg5 Rxf1 26. Rxf1 hxg5 27.
Bxg5 Rg8 28. Kh4 Rh8 29. Bf6 Rf8 30. g5 Nf5+ 31. Bxf5 exf5 32. h6 Nxe5 33. Bxe5
f4 34. h7 Bf5 35. h8=Q Rxh8+ 36. Bxh8 Bxc2 37. Qb4 Qxb4 38. axb4 Kd7 39. Rxf4
Ke7 40. Rf6 1-0

[Event "Open Vitrolles 2023/2024"]
[Site "Vitrolles"]
[Date "23.03.2024"]
[Round "8.6"]
[White "Briquet, Xavier"]
[Black "Thiers, Jean-Jacques"]
[Result "1-0"]
[WhiteElo "1655"]
[BlackElo "1695"]
[PlyCount "101"]

1. e4 d5 2. exd5 Qxd5 3. Nc3 Qa5 4. d4 c6 5. Bd2 Bf5 6. Bc4 e6 7. h3 Nf6 8. Nf3
Qc7 9. Ne2 Bd6 10. c3 Nbd7 11. Qc1 h6 12. Bf4 Nb6 13. Bxd6 Qxd6 14. Bb3 O-O 15.
O-O c5 16. dxc5 Qxc5 17. Ned4 Bg6 18. Re1 Nc4 19. Bxc4 Qxc4 20. Ne5 Qd5 21.
Nxg6 fxg6 22. Nxe6 Rf7 23. Qc2 Re8 24. Nf4 Qf5 25. Qxf5 gxf5 26. Rxe8+ Nxe8 27.
Rd1 Re7 28. Kf1 Kf7 29. Rd5 Kf6 30. Ne2 Nc7 31. Ra5 a6 32. Nd4 Re5 33. Rxe5
Kxe5 34. Ke2 Nd5 35. g3 g5 36. Nb3 Kd6 37. Kd3 b5 38. Kd4 f4 39. g4 f3 40. Ke4
Nf4 41. h4 Ne6 42. h5 Nf4 43. Nd4 Kc5 44. Nxf3 b4 45. cxb4+ Kxb4 46. Nd4 Kc4
47. Nf5 Nd3 48. b3+ Kc3 49. Nxh6 Nxf2+ 50. Kf5 Kb2 51. Nf7 1-0

[Event "Open Vitrolles 2023/2024"]
[Site "Vitrolles"]
[Date "23.03.2024"]
[Round "8.7"]
[White "Bregier, Gerard"]
[Black "Scamaroni, Jean-Paul"]
[Result "0-1"]
[WhiteElo "1605"]
[BlackElo "1655"]
[PlyCount "70"]

1. Nf3 Nf6 2. g3 g6 3. b3 Bg7 4. Bb2 d6 5. d4 O-O 6. Bg2 Nbd7 7. O-O Re8 8.
Nbd2 e5 9. dxe5 Nxe5 10. Nxe5 dxe5 11. Ne4 Nxe4 12. Bxe4 c6 13. Qd3 Qc7 14. Qc3
f5 15. Bd3 e4 16. Bc4+ Kf8 17. Qxg7+ Qxg7 18. Bxg7+ Kxg7 19. e3 b5 20. Be2 Be6
21. Rfd1 Red8 22. Rxd8 Rxd8 23. Rd1 Rxd1+ 24. Bxd1 a5 25. c4 bxc4 26. Kf1 cxb3
27. axb3 Kf6 28. f4 exf3 29. Bxf3 Bd5 30. Bxd5 cxd5 31. Ke2 Ke5 32. Kd3 Kd6 33.
Kd4 g5 34. h3 h5 35. Kc3 Kc5 0-1

[Event "Open Vitrolles 2023/2024"]
[Site "Vitrolles"]
[Date "23.03.2024"]
[Round "8.8"]
[White "Mars, Florence"]
[Black "Graells, Christian"]
[Result "0-1"]
[WhiteElo "1530"]
[BlackElo "1613"]
[PlyCount "82"]

1. e4 e5 2. Nf3 Nc6 3. d4 exd4 4. Nxd4 Bc5 5. Be3 Bb4+ 6. c3 Ba5 7. Be2 Nf6 8.
Nd2 d6 9. O-O O-O 10. Nc4 Bb6 11. Nxb6 cxb6 12. f3 Ne5 13. Qc2 a6 14. Rad1 Qc7
15. Qd2 b5 16. Qc1 b6 17. Kh1 Bb7 18. Nf5 Ne8 19. Bf4 f6 20. Nd4 Qd7 21. Bg3
Rc8 22. Qc2 Nc4 23. Bxc4+ bxc4 24. Nf5 d5 25. Rd4 a5 26. Rfd1 Rc5 27. exd5 g6
28. Ne3 b5 29. Qd2 Nd6 30. b4 axb4 31. cxb4 c3 32. Qc2 Rc7 33. R1d3 Rfc8 34.
Bxd6 Qxd6 35. Nd1 Rc4 36. Re4 Qxb4 37. Re6 Qf8 38. d6 Re8 39. Rde3 Rxe6 40.
Rxe6 Qd8 41. Nxc3 Bd5 0-1

[Event "Open Vitrolles 2023/2024"]
[Site "Vitrolles"]
[Date "23.03.2024"]
[Round "8.9"]
[White "Romeuf, Benjamin"]
[Black "Baghdoyan, Albert"]
[Result "1-0"]
[WhiteElo "1589"]
[BlackElo "1529"]
[PlyCount "71"]

1. c4 e5 2. Nc3 Nc6 3. Nf3 Bb4 4. g3 Nf6 5. a3 Be7 6. Bg2 d6 7. O-O Be6 8. b3
Qd7 9. d4 exd4 10. Nxd4 Nxd4 11. Qxd4 c5 12. Qd1 Rd8 13. e4 a6 14. Nd5 Nxd5 15.
cxd5 Bg4 16. Qd3 h5 17. h4 f6 18. Kh2 Qc8 19. f3 Bd7 20. Qc3 Kf7 21. f4 Rde8
22. e5 dxe5 23. fxe5 Kg8 24. e6 Bb5 25. Re1 c4 26. a4 a5 27. axb5 Bb4 28. Qe3
Bxe1 29. Qxe1 b6 30. e7 cxb3 31. d6 Kh7 32. Qd1 Qe6 33. Bd5 Qf5 34. Qe2 Qxd5
35. Ba3 Rc8 36. Rd1 1-0

[Event "Open Vitrolles 2023/2024"]
[Site "Vitrolles"]
[Date "23.03.2024"]
[Round "8.10"]
[White "Bouriel, Michel"]
[Black "Schoeni, Christine"]
[Result "1-0"]
[WhiteElo "1585"]
[BlackElo "1199"]
[PlyCount "59"]

1. c4 c5 2. Nc3 e6 3. Nf3 Nf6 4. g3 d6 5. Bg2 Be7 6. O-O O-O 7. d3 Nc6 8. a3 a6
9. Rb1 Qe8 10. Na4 Bd8 11. b4 Ne7 12. bxc5 dxc5 13. Nxc5 Rb8 14. Nxa6 Ra8 15.
Nc5 Rb8 16. Bf4 Ra8 17. Nxb7 Bxb7 18. Rxb7 Rxa3 19. Rb8 Nh5 20. Bd6 Qd7 21.
Bxa3 Nc6 22. Bxf8 Kxf8 23. Rb5 Nf6 24. Qb3 Ne7 25. Ne5 Qe8 26. Qb4 Kg8 27. Ra1
g6 28. Ra8 Kg7 29. Rbb8 Nd7 30. Rxd8 1-0

[Event "Open Vitrolles 2023/2024"]
[Site "Vitrolles"]
[Date "23.03.2024"]
[Round "8.11"]
[White "Rannou, Danielle"]
[Black "Coquet, Bruno"]
[Result "1-0"]
[WhiteElo "1455"]
[BlackElo "1504"]
[PlyCount "73"]

1. d4 d5 2. Nc3 Bf5 3. Nf3 e6 4. a3 c5 5. e3 Nc6 6. h3 h6 7. Bd3 Bxd3 8. Qxd3
Nf6 9. O-O c4 10. Qe2 Bd6 11. Bd2 a6 12. b4 b5 13. Nd1 Bc7 14. c3 Qd6 15. Nb2
Ne4 16. Rfe1 Ng5 17. a4 O-O 18. axb5 axb5 19. Reb1 Ne7 20. Ne5 Rxa1 21. Rxa1 f6
22. f4 Nxh3+ 23. gxh3 fxe5 24. dxe5 Qd8 25. Nd1 Ng6 26. Nf2 Qe8 27. Qg4 Ne7 28.
Ra6 Nf5 29. Qg2 h5 30. e4 d4 31. exf5 Rxf5 32. cxd4 c3 33. Bc1 Kh7 34. Qc6 Qg6+
35. Kf1 Rxf4 36. Bxf4 Qb1+ 37. Kg2 1-0

[Event "Open Vitrolles 2023/2024"]
[Site "Vitrolles"]
[Date "23.03.2024"]
[Round "8.12"]
[White "Porte, Jacques"]
[Black "Javos, Yves-Andre"]
[Result "1-0"]
[WhiteElo "1489"]
[BlackElo "1545"]
[PlyCount "96"]

1. d4 d5 2. c4 e6 3. Nc3 c6 4. Nf3 Nf6 5. e3 a5 6. cxd5 cxd5 7. Bd3 Nc6 8. Bd2
Bd7 9. a3 Be7 10. O-O O-O 11. Qc2 b6 12. Rfe1 h6 13. Rac1 Rc8 14. Qb3 Bd6 15.
Ba6 Rb8 16. Bb5 Na7 17. Bxd7 Qxd7 18. a4 Rfc8 19. h3 g5 20. Nb5 Ne4 21. Nxd6
Nxd2 22. Rxc8+ Nxc8 23. Nxd2 Qxd6 24. Rc1 Na7 25. e4 Qf4 26. Qc2 Rc8 27. Qd1
dxe4 28. Rxc8+ Nxc8 29. g3 Qf5 30. Qc2 Nd6 31. Kg2 Qd5 32. Qc3 Kg7 33. Qe3 f5
34. Kh2 Nc4 35. Nxc4 Qxc4 36. Qc3 Qf1 37. d5+ Kg6 38. Qe3 exd5 39. Qxb6+ Kh5
40. Qe3 Qd3 41. Qe1 Qf3 42. Qd2 Qd3 43. Qxa5 e3 44. Qe1 e2 45. a5 Qd1 46. g4+
fxg4 47. hxg4+ Kh4 48. Qc3 e1=Q 1-0

[Event "Open Vitrolles 2023/2024"]
[Site "Vitrolles"]
[Date "7.12.08"]
[Round "9.1"]
[White "Dupre Hollebeque, Joachim"]
[Black "Ghio, Maxime"]
[Result "0-1"]
[WhiteElo "1713"]
[BlackElo "1652"]
[PlyCount "40"]

1. e4 e6 2. d4 d5 3. Nd2 Nf6 4. e5 Nfd7 5. Bd3 c5 6. c3 Nc6 7. Ngf3 cxd4 8.
cxd4 Be7 9. a3 f6 10. Nh4 Kf8 11. Qh5 Kg8 12. Nhf3 Nf8 13. h4 Bd7 14. g4 Be8
15. exf6 Bxh5 16. fxe7 Qxe7 17. gxh5 e5 18. dxe5 Nxe5 19. Be2 Nd3+ 20. Kd1
Nxf2+ 0-1

[Event "Open Vitrolles 2023/2024"]
[Site "Vitrolles"]
[Date "7.12.08"]
[Round "9.2"]
[White "Mata, Thierry"]
[Black "Khoundh, Zein"]
[Result "0-1"]
[WhiteElo "1685"]
[BlackElo "1675"]
[PlyCount "76"]

1. d4 f5 2. c4 Nf6 3. Bg5 Ne4 4. Bf4 d6 5. e3 g6 6. Bd3 Nf6 7. Bg5 e5 8. Nc3 e4
9. Nd5 Nbd7 10. Bc2 h6 11. Bxf6 Nxf6 12. Ba4+ c6 13. Ne2 Nxd5 14. cxd5 Qa5+ 15.
Nc3 Bd7 16. Qb3 Qb6 17. dxc6 bxc6 18. Qc2 d5 19. O-O Bd6 20. Rac1 Ke7 21. Bb3
Qa5 22. Na4 Rac8 23. Nc5 Qc7 24. g3 h5 25. Nxd7 Kxd7 26. Ba4 h4 27. Qb3 hxg3
28. fxg3 Bxg3 29. Qxd5+ Ke7 30. Qc5+ Bd6 31. Qxc6 Bxh2+ 32. Kf2 Qg3+ 33. Ke2
Rxc6 34. Rxc6 Bg1 35. Rc3 Rh2+ 36. Kd1 Qg2 37. Rc7+ Kf6 38. Rxf5+ gxf5 0-1

[Event "Open Vitrolles 2023/2024"]
[Site "Vitrolles"]
[Date "7.12.08"]
[Round "9.3"]
[White "Boukhfif, Tarik"]
[Black "Cens, Alain"]
[Result "1-0"]
[WhiteElo "1765"]
[BlackElo "1683"]
[PlyCount "61"]

1. Nf3 d5 2. g3 e6 3. Bg2 Bd6 4. O-O f5 5. d3 Nf6 6. Nbd2 O-O 7. c4 c6 8. b3 e5
9. Bb2 e4 10. Nd4 a6 11. Nc2 Nbd7 12. b4 Ne5 13. c5 Bc7 14. Nb3 Qe8 15. Nbd4
Nfg4 16. f3 Qh5 17. h3 exf3 18. exf3 Nf6 19. f4 Qxd1 20. Raxd1 Ng6 21. Rde1 Bd7
22. Nf3 Rae8 23. Ne5 Be6 24. Re2 Re7 25. Rfe1 Rfe8 26. Nd4 Bxe5 27. fxe5 Nd7
28. Nf3 Bf7 29. h4 Nf6 30. Ng5 Ng4 31. e6 1-0

[Event "Open Vitrolles 2023/2024"]
[Site "Vitrolles"]
[Date "7.12.08"]
[Round "9.4"]
[White "Jullien, Patrick"]
[Black "Benoit-Lizon, Alain"]
[Result "1-0"]
[WhiteElo "1708"]
[BlackElo "1617"]
[PlyCount "63"]

1. e4 e5 2. Nf3 Nc6 3. Bc4 Nf6 4. d3 Bc5 5. c3 d5 6. exd5 Nxd5 7. O-O O-O 8.
Nbd2 a6 9. Ne4 b5 10. Nxc5 bxc4 11. dxc4 Nb6 12. b3 Qe7 13. Ba3 Rd8 14. Qc1 Qf6
15. Ne4 Qg6 16. Qe3 f5 17. Nc5 f4 18. Qe2 Bh3 19. Nh4 Qg5 20. Kh1 Qxh4 21. gxh3
Qxh3 22. Rg1 Rd6 23. Ne4 f3 24. Qf1 Qxf1 25. Raxf1 Rd3 26. Rg3 h6 27. Rfg1 g5
28. h4 Kf7 29. hxg5 hxg5 30. Nxg5+ Kf6 31. Rh3 Rxc3 32. Ne4+ 1-0

[Event "Open Vitrolles 2023/2024"]
[Site "Vitrolles"]
[Date "7.12.08"]
[Round "9.5"]
[White "Scamaroni, Jean-Paul"]
[Black "Briquet, Xavier"]
[Result "0-1"]
[WhiteElo "1655"]
[BlackElo "1655"]
[PlyCount "136"]

1. d4 d5 2. c4 c6 3. Nf3 Bg4 4. cxd5 Bxf3 5. exf3 cxd5 6. Nc3 Nf6 7. Qb3 b6 8.
Bb5+ Nbd7 9. Nxd5 Nxd5 10. Qxd5 Rc8 11. O-O e6 12. Qe4 Be7 13. Re1 O-O 14. Bxd7
Qxd7 15. d5 e5 16. Be3 f6 17. Rec1 Qb5 18. b3 Ba3 19. Rxc8 Rxc8 20. Qg4 Qe8 21.
Qe4 Bb2 22. Rb1 Ba3 23. f4 Bd6 24. fxe5 Qxe5 25. Qxe5 Bxe5 26. a4 Kf7 27. a5
bxa5 28. Bxa7 Rd8 29. Rd1 Ra8 30. Bc5 Rb8 31. d6 Ke8 32. Re1 Kd7 33. f4 Bxf4
34. Re7+ Kd8 35. Rxg7 Rxb3 36. Rxh7 a4 37. Ra7 Rb1+ 38. Kf2 Bxh2 39. Rxa4 Bg1+
40. Kf3 Bxc5 41. Ra6 Kd7 42. g4 Bxd6 43. Ke4 Rb4+ 44. Kf5 Rf4+ 45. Kg6 Rxg4+
46. Kxf6 Rf4+ 47. Kg5 Rf1 48. Kg6 Ke7 49. Kg5 Ke6 50. Kg4 Rd1 51. Kf3 Kf5 52.
Ra5+ Be5 53. Ra4 Rh1 54. Ra5 Rf1+ 55. Ke2 Rh1 56. Kf3 Rh3+ 57. Kf2 Ke4 58. Ra4+
Bd4+ 59. Kg2 Rd3 60. Ra2 Kf4 61. Ra4 Kg4 62. Kf1 Kf3 63. Rxd4 Rxd4 64. Ke1 Ra4
65. Kd2 Rd4+ 66. Kc3 Ke3 67. Kc2 Rc4+ 68. Kd1 Rc6 0-1

[Event "Open Vitrolles 2023/2024"]
[Site "Vitrolles"]
[Date "7.12.08"]
[Round "9.6"]
[White "Chauvet, Joelle"]
[Black "Bouriel, Michel"]
[Result "0-1"]
[WhiteElo "1627"]
[BlackElo "1585"]
[PlyCount "130"]

1. d4 Nf6 2. Nf3 g6 3. c4 Bg7 4. e3 O-O 5. Nc3 d6 6. Be2 Nc6 7. O-O b6 8. a3
Bb7 9. d5 Nb8 10. Rb1 Nbd7 11. b4 a6 12. Nd4 Rc8 13. Bf3 Ne5 14. e4 Nxc4 15.
Nc6 Bxc6 16. dxc6 Ne5 17. Be2 b5 18. a4 Nxc6 19. axb5 axb5 20. Bxb5 Ne5 21. Qc2
c6 22. Ba6 Ra8 23. b5 Qb6 24. Na4 Qc7 25. Be3 c5 26. h3 Nfd7 27. f4 Bh6 28.
Rfe1 Bg7 29. fxe5 Bxe5 30. g4 Bg3 31. Rf1 Be5 32. b6 Qc6 33. Bb5 Qb7 34. Bxd7
Qxd7 35. Nc3 Ra3 36. Nd1 Rb8 37. Qc4 e6 38. Rb3 Ra4 39. Qc2 Ra6 40. Nb2 Raxb6
41. Rxb6 Rxb6 42. Nc4 Rc6 43. Nxe5 dxe5 44. Rd1 Qc7 45. Qd2 c4 46. Qd8+ Qxd8
47. Rxd8+ Kg7 48. Rd2 c3 49. Rc2 Rc4 50. Kf2 f5 51. exf5 exf5 52. gxf5 gxf5 53.
Kf3 Kg6 54. Bf2 Kg5 55. h4+ Kf6 56. Be1 Rf4+ 57. Kg3 Rg4+ 58. Kh3 Rc4 59. Kg3
h5 60. Kf3 f4 61. Rxc3 Rxc3+ 62. Bxc3 Kf5 63. Bd2 e4+ 64. Ke2 e3 65. Be1 Ke4
0-1

[Event "Open Vitrolles 2023/2024"]
[Site "Vitrolles"]
[Date "7.12.08"]
[Round "9.7"]
[White "Romeuf, Benjamin"]
[Black "Graells, Christian"]
[Result "1-0"]
[WhiteElo "1589"]
[BlackElo "1615"]
[PlyCount "87"]

1. d4 Nf6 2. c4 e6 3. Nf3 d6 4. Nc3 Be7 5. g3 O-O 6. Bg2 c6 7. e4 Nbd7 8. O-O
b6 9. e5 Ne8 10. Re1 d5 11. b3 a5 12. a4 Bb4 13. Qc2 f5 14. Ba3 Nc7 15. Bxb4
axb4 16. Ne2 c5 17. Nf4 Nb8 18. Rad1 Qe7 19. h4 Nc6 20. cxd5 Nxd5 21. Nxd5 exd5
22. Ng5 Nxd4 23. Rxd4 cxd4 24. Bxd5+ Kh8 25. Bxa8 h6 26. Nh3 Be6 27. Nf4 Kh7
28. Bg2 Rc8 29. Qb2 Rc3 30. Bd5 Bc8 31. e6 d3 32. Rc1 Qc5 33. Bc4 d2 34. Qxd2
Rxg3+ 35. Kf1 Rg4 36. Be2 Rxh4 37. Rxc5 bxc5 38. e7 Bb7 39. Nd5 Rd4 40. Qxd4
cxd4 41. Nc7 Bc6 42. e8=Q Bxe8 43. Nxe8 g5 44. a5 1-0

[Event "Open Vitrolles 2023/2024"]
[Site "Vitrolles"]
[Date "7.12.08"]
[Round "9.8"]
[White "Thiers, Jean-Jacques"]
[Black "Rannou, Danielle"]
[Result "1-0"]
[WhiteElo "1695"]
[BlackElo "1455"]
[PlyCount "25"]

1. d4 d5 2. Bf4 Nf6 3. e3 e6 4. Bd3 Bd6 5. Bg3 Nc6 6. Nf3 h6 7. Ne5 Bd7 8. c3
a6 9. Nd2 O-O 10. O-O Ne8 11. Qh5 f6 12. Ng4 Bxg3 13. Nxh6+ 1-0

[Event "Open Vitrolles 2023/2024"]
[Site "Vitrolles"]
[Date "7.12.08"]
[Round "9.9"]
[White "Chabaud, Philippe"]
[Black "Bregier, Gerard"]
[Result "1/2-1/2"]
[WhiteElo "1637"]
[BlackElo "1608"]
[PlyCount "46"]

1. d4 d5 2. Nf3 Nf6 3. Bf4 c5 4. e3 Nc6 5. Nc3 Bg4 6. Be2 Bxf3 7. Bxf3 e6 8.
O-O cxd4 9. exd4 Bd6 10. Bxd6 Qxd6 11. Nb5 Qd7 12. c3 a6 13. Na3 O-O 14. Re1
Rfc8 15. Nc2 b5 16. a3 a5 17. Qd2 Ne8 18. Be2 Nd6 19. Bd3 Rab8 20. Rab1 a4 21.
Nb4 Nxb4 22. axb4 Ra8 23. Ra1 Rc7 1/2-1/2

[Event "Open Vitrolles 2023/2024"]
[Site "Vitrolles"]
[Date "7.12.08"]
[Round "9.10"]
[White "Baghdoyan, Albert"]
[Black "Porte, Jacques"]
[Result "1-0"]
[WhiteElo "1529"]
[BlackElo "1480"]
[PlyCount "74"]

1. e4 e5 2. Nf3 Nc6 3. Bc4 d6 4. d3 Bg4 5. c3 Be7 6. Nbd2 Nf6 7. a3 Qd7 8. Qb3
O-O 9. Qxb7 Rfb8 10. Qa6 Rb6 11. Qa4 Nh5 12. h3 Bxf3 13. Nxf3 Nf6 14. b4 Nb8
15. Qb3 d5 16. exd5 Bd6 17. O-O Qf5 18. a4 h6 19. Be3 c5 20. Qa3 Nbd7 21. bxc5
Ne8 22. cxb6 Bxa3 23. b7 Rb8 24. Rab1 Bc5 25. d4 Bb6 26. Ba6 e4 27. Nd2 Qxd5
28. c4 Qa5 29. Bf4 Bc7 30. Bxc7 Nxc7 31. Bb5 Nxb5 32. Rxb5 Qxd2 33. c5 Qxd4 34.
c6 Nb6 35. Rc1 Qd2 36. Rbc5 Na8 37. c7 Nxc7 1-0

[Event "Open Vitrolles 2023/2024"]
[Site "Vitrolles"]
[Date "7.12.08"]
[Round "9.11"]
[White "Coquet, Bruno"]
[Black "Mars, Florence"]
[Result "1-0"]
[WhiteElo "1504"]
[BlackElo "1530"]
[PlyCount "85"]

1. e4 c5 2. Nf3 Nc6 3. d4 cxd4 4. Nxd4 Nf6 5. Nc3 e5 6. Nf3 Bb4 7. Bd2 O-O 8.
Bc4 d6 9. Qe2 a6 10. a3 Ba5 11. b4 Nd4 12. Nxd4 exd4 13. Nd5 Bc7 14. O-O b5 15.
Bb3 Nxd5 16. Bxd5 Rb8 17. Rac1 Bb7 18. Bxb7 Rxb7 19. c4 dxc3 20. Rxc3 Re8 21.
Rfc1 d5 22. Qd3 d4 23. Rc5 Bb6 24. Rc6 Qe7 25. Qc2 h6 26. Rc8 Rb8 27. Rxb8 Rxb8
28. Qc6 Qe6 29. Bf4 Re8 30. f3 Qxc6 31. Rxc6 Re6 32. Rxe6 fxe6 33. Be5 d3+ 34.
Kf1 Be3 35. g3 Bc1 36. Bc3 Bxa3 37. Ke1 Bc1 38. Kd1 Be3 39. Bd2 Bg1 40. h3 Kf7
41. Bc3 g6 42. Kd2 Bf2 43. g4 1-0

[Event "Open Vitrolles 2023/2024"]
[Site "Vitrolles"]
[Date "7.12.08"]
[Round "9.12"]
[White "Javos, Yves-Andre"]
[Black "Schoeni, Christine"]
[Result "1-0"]
[WhiteElo "1545"]
[BlackElo "1199"]
[PlyCount "77"]

1. e4 e5 2. Nf3 Nc6 3. Bb5 Bd6 4. c3 Qe7 5. O-O Nf6 6. d3 O-O 7. Bg5 a6 8. Ba4
b5 9. Bc2 h6 10. Bh4 Nd8 11. h3 Ne6 12. Nh2 Nf4 13. Ng4 Ng6 14. Bxf6 gxf6 15.
Nxh6+ Kg7 16. Nf5+ Kg8 17. Nxe7+ Bxe7 18. Nd2 d6 19. d4 Be6 20. Bb3 Bd7 21. d5
Kg7 22. Qf3 Rh8 23. Qg3 Rh6 24. f4 f5 25. Bc2 Bh4 26. Qh2 Kh7 27. exf5 Nxf4 28.
g3 Ne2+ 29. Qxe2 Bxg3 30. f6+ Kh8 31. Bf5 Be8 32. Bg4 a5 33. Rf5 Bf4 34. Ne4
Bd7 35. Rh5 Rxh5 36. Bxh5 Bxh3 37. Bxf7 Rf8 38. Qh5+ Bh6 39. Qxh6# 1-0